Un estudio econométrico del consumo agregado

Guardat en:
Dades bibliogràfiques
Autor principal: Corbo, Vittorio (Autor)
Format: Llibre
Idioma:espanyol
Publicat: Santiago Pontificia Universidad Católica de Chile 1971
Col·lecció:Trabajos Docentes, 3
Matèries:
Etiquetes: Afegir etiqueta
Sense etiquetes, Sigues el primer a etiquetar aquest registre!

MARC

LEADER 00000nam a2200000 a 4500
001 UCQ1320
003 CL-VaPUC
008 980709e19710000CL |||||||||||||||||spa|d
082 0 4 |a 339.47  |b COR  |2 21 
100 |a Corbo, Vittorio  |e author  |9 571707 
245 1 3 |a Un estudio econométrico del consumo agregado 
300 |a 63 p 
942 |c BK 
945 |d 19980709 00:00:00  |a crobeson 
260 |a Santiago  |b Pontificia Universidad Católica de Chile  |c 1971 
650 0 |a Consumo  |9 333893 
650 0 |a Oferta y demanda  |9 255571 
650 0 |a Econometría   |9 261029 
650 0 |a Macroeconomía   |9 260301 
583 |a last modification  |c 19980709 00:00:00  |k Rodrigo Vera 
490 0 |a Trabajos Docentes, 3 
999 |c 272322  |d 272320 
952 |0 0  |1 0  |4 0  |6 339_470000000000000_COR_1971  |7 0  |8 A  |9 307219  |a BIBENE  |b BIBENE  |d 2019-11-20  |i 1435337  |o 339.47 COR 1971  |p 1435337  |r 2025-01-15  |w 2019-11-20  |y BK  |k ICO 
952 |0 0  |1 0  |4 0  |6 339_470000000000000_COR_1971  |7 0  |8 A  |9 307220  |a BIBENE  |b BIBENE  |d 2019-11-20  |i 1435345  |o 339.47 COR 1971  |p 1435345  |r 2025-01-15  |w 2019-11-20  |y BK  |k ICO